[Event "Stay Safe Play From Home 387"]
[Site "Emanuel Lasker Arena"]
[Date "2020.08.16"]
[Round "6"]
[White "Ionelluca"]
[Black "Hickey"]
[Result "0-1"]
[WhiteElo "2026"]
[BlackElo "2116"]
[Annotator "TA"]
[PlyCount "104"]
[EventDate "2020.08.16"]
[EventType "swiss (blitz)"]

{[%evp 9,104,18,22,23,34,10,34,29,39,-4,0,-16,28,0,0,0,0,0,29,21,66,75,81,75,77,64,190,92,120,53,132,100,99,87,113,115,235,-6,-2,-6,-6,-8,0,0,0,-14,0,-18,0,-20,0,0,0,0,0,-115,-129,-271,-254,-420,-420,-412,-413,-651,-414,-620,-535,-956,-855,-3035,-468,-2937,-2523,-4614,-4407,-5097,-5093,-29981,-29978,-29982,-29983,-29985,-29984,-29984,-29985,-29985,-29986,-29986,-29987,-29988,-29989,-29989,-29990,-29990,-29989,-29990,-29990]} 1. e4 c6 2. d3 d5 3. Nc3 dxe4 4. dxe4 Qxd1+ 5. Nxd1 Nf6 6. f3 {B11: Caro-Kann: Two Knights Variation.} e5 7. Bc4 Bc5 8. Be3 {White is slightly better.} Nbd7 {[#]} 9. c3 $146 ({Predecessor:} 9. a4 Ke7 10. Ne2 Rd8 11. Nc1 Bxe3 12. Nxe3 Ne8 13. Nd3 Nd6 14. Bb3 f6 15. O-O-O Nf8 16. Rd2 Be6 17. Nc5 Bxb3 18. Nxb3 b6 19. Rhd1 g6 20. Ng4 Nb7 {½-½ (20) Arold,H (2272)-Hoffmeister,F (2192) Germany 2010}) 9... Ke7 10. Ne2 g6 11. Kf2 a5 12. Nc1 b5 13. Be2 a4 14. Nd3 Bxe3+ 15. Nxe3 Ne8 16. Nb4 Bb7 17. c4 $36 {[%mdl 2048] White has the initiative.} Ra5 ({Black should play} 17... bxc4 $14 18. Bxc4 (18. Nxc4 c5 $14) 18... Nd6) 18. Rad1 (18. cxb5 $18 {is more deadly.} cxb5 19. Rac1) 18... Nc7 19. cxb5 (19. Rd2 $16) 19... cxb5 ({Black should try} 19... Nxb5 $14 20. Nbc2 Nb6) 20. Ned5+ Nxd5 21. Nxd5+ Ke6 22. Bxb5 {[#] And now Nc7+ would win.} Bxd5 (22... Nc5 $16) 23. exd5+ $2 ({White must play} 23. Rxd5 $18 Ra7 24. Rhd1) 23... Kd6 $11 24. Bxd7 Kxd7 {[%mdl 4096] Endgame KRR-KRR} 25. Rd2 Rc8 26. Re1 Kd6 27. Re3 f5 28. g4 Rcc5 29. Ra3 Rxd5 30. Rxd5+ Rxd5 31. Rxa4 {KR-KR} Rd2+ 32. Kg3 {[#]} (32. Ke3 $11 Rxb2 33. Ra6+ Kd5 34. gxf5) 32... f4+ $1 $17 ({Much worse is} 32... Rxb2 $6 33. gxf5 gxf5 34. h4 $11) 33. Kh3 (33. Kh4 $17) 33... Rxb2 $19 34. g5 $2 (34. Ra7) 34... Rf2 35. Ra6+ Kd5 36. Ra7 (36. Ra3 $142 Kc4 37. Rb3) 36... Ke6 37. a4 (37. Kg4 $142 Rxh2 38. Ra8) 37... Kf5 38. a5 Kxg5 39. Rxh7 Rxf3+ 40. Kg2 Ra3 41. Re7 Rxa5 42. Kf2 Kf5 43. h4 e4 {Black mates.} 44. Rf7+ Kg4 45. Rg7 Kxh4 46. Rxg6 Ra2+ 47. Kf1 e3 48. Rg8 f3 {[%cal Ra2a1]} 49. Rh8+ Kg5 {[%cal Ra2a1]} 50. Rg8+ Kh6 {[%cal Ra2a1]} 51. Kg1 Ra1+ 52. Kh2 e2 {Never resign too early! Accuracy: White = 49%, Black = 72%.} 0-1

[Event "Stay Safe Play From Home 387"]
[Site "Emanuel Lasker Arena"]
[Date "2020.08.16"]
[Round "6"]
[White "Imadns"]
[Black "buzaglo"]
[Result "1-0"]
[WhiteElo "2018"]
[BlackElo "1727"]
[Annotator "TA"]
[PlyCount "71"]
[EventDate "2020.08.16"]
[EventType "swiss (blitz)"]

{[%evp 9,70,5,27,28,57,64,64,63,98,44,149,143,145,121,163,158,247,220,266,261,335,321,371,366,347,361,392,402,452,248,233,245,698,715,719,711,699,712,739,737,754,793,877,857,986,961,1816,1802,29978,29979,29988,29989,29989,29990,29991,29991,29994,29995,29995,29996,29996,29997,29999]} 1. Nf3 d5 2. d4 Nf6 3. c4 e6 4. Nc3 c6 5. e3 Bb4 6. a3 {D45: Semi-Slav: 5 e3.} Bd6 7. Bd3 dxc4 8. Bxc4 {White is slightly better.} O-O {[#]} 9. O-O {[#]} (9. e4 $1 $16 {[%cal Re4e5] aiming for e5.} Bc7 10. e5) 9... Bd7 $146 ({Black should play} 9... b5 $14 10. Bd3 Nbd7) ({Predecessor:} 9... Re8 10. Qc2 Nbd7 11. b4 Qc7 12. h3 e5 13. dxe5 Nxe5 14. Nxe5 Bxe5 15. Be2 g6 16. Bb2 b5 17. Nxb5 cxb5 18. Qxc7 {1-0 (17) Signorile,P (1481)-Peters,L Gelsenkirchen 2019}) 10. e4 $16 {Black must now prevent e5.} Be7 11. e5 Ne8 12. Qc2 f5 {[#]} (12... Na6 $16 13. Bd3 h6) 13. exf6 $1 $18 Nxf6 14. Ng5 h6 15. Bxe6+ Kh8 16. Nf7+ Rxf7 17. Bxf7 Bc8 18. Bf4 Qxd4 19. Bxb8 (19. Bg3 $142) 19... Rxb8 20. Rfe1 Bc5 $2 (20... Bf8 21. Rad1 Qf4) 21. Rad1 Qxf2+ 22. Qxf2 Bxf2+ 23. Kxf2 Bg4 24. Rd6 Rf8 25. Re7 Bf5 26. Rxb7 c5 27. Rxa7 Be4 {[#]} 28. Rxf6 $1 {[%mdl 64] Remove Defender} gxf6 29. Nxe4 {White mates.} f5 30. Nxc5 Rc8 31. Ne6 Rc2+ 32. Kf3 Rxb2 33. Ra8+ Kh7 34. Rg8 {[%cal Re6f8]} Rb3+ 35. Kf4 {[%cal Re6f8]} Rxa3 36. Nf8# {Black did not feel at home in the position after the opening. Accuracy: White = 81%, Black = 21%.} 1-0

[Event "Stay Safe Play From Home 387"]
[Site "Emanuel Lasker Arena"]
[Date "2020.08.16"]
[Round "6"]
[White "Uttamchess"]
[Black "Möwe"]
[Result "1-0"]
[WhiteElo "2001"]
[BlackElo "1598"]
[Annotator "TA"]
[PlyCount "73"]
[EventDate "2020.08.16"]
[EventType "swiss (blitz)"]

{[%evp 19,73,-6,41,39,54,26,25,33,65,50,113,115,124,125,126,102,189,200,200,146,144,134,166,162,160,161,272,264,280,255,415,406,430,385,388,376,412,362,461,448,2337,2309,29982,29978,29991,29992,29992,29993,29993,29994,29994,29995,29996,29996,29996,29996]} 1. Nf3 d5 2. g3 c5 3. Bg2 Nc6 4. O-O e5 5. d3 Nf6 6. Nbd2 Be7 7. e4 dxe4 8. dxe4 Bg4 9. c3 O-O 10. h3 Bh5 11. Qe2 {A08: King's Indian Attack.} Qc7 12. a4 {[%cal Ba2a4,Ba4a5][%mdl 32]} Rad8 13. Nc4 {[#] White has an edge.} a6 $146 ({Predecessor:} 13... Na5 14. Nxa5 Bxf3 15. Bxf3 Qxa5 16. Bg5 h6 17. Bxf6 Bxf6 18. Qb5 Qc7 19. Rad1 Be7 20. Rxd8 Rxd8 {½-½ (41) Michna,M (2375)-Osmanodja,F (2318) Dresden 2016}) 14. a5 Bg6 (14... Nd7 $14) 15. Nh4 $16 Nd7 16. Nxg6 hxg6 17. Rd1 b5 (17... Nf6 $16) 18. axb6 $1 $18 Nxb6 {Threatens to win with ...Rxd1+.} 19. Ne3 Rxd1+ 20. Qxd1 Rd8 21. Nd5 Nxd5 22. exd5 Bf6 (22... Nb8 $142 23. Qe2 f5) 23. Rxa6 Nb8 24. Ra8 Rd6 $2 (24... Be7 25. Qa4 Nd7) 25. Be3 Kh7 26. Qb3 Nd7 27. Qa3 Be7 28. Ra7 Qb6 29. b4 c4 (29... cxb4 $142 30. cxb4 (30. Bxb6 bxa3 31. Be3 Nb6 $16) 30... Qd8) 30. Bxb6 Nxb6 31. Rxe7 {[%mdl 64] [#] Double Attack. White mates.} Nxd5 32. Bxd5 Rxd5 33. Rxf7 Rd1+ 34. Kg2 Rd2 35. Qa7 Kh6 {[#]} 36. Qe3+ $1 g5 37. Qxd2 {Accuracy: White = 85%, Black = 31%.} 1-0

[Event "Stay Safe Play From Home 387"]
[Site "Emanuel Lasker Arena"]
[Date "2020.08.16"]
[Round "6"]
[White "Don59as"]
[Black "Dukic"]
[Result "1-0"]
[WhiteElo "1984"]
[BlackElo "1702"]
[Annotator "NA RC"]
[PlyCount "39"]
[EventDate "2020.08.16"]
[EventType "swiss (blitz)"]

1. c4 {[%emt 0:00:02]} c6 {[%emt 0:00:01]} 2. b3 {[%emt 0:00:03]} d5 {[%emt 0:00:01]} 3. Bb2 {[%emt 0:00:00]} d4 {[%emt 0:00:02]} 4. Nf3 {[%emt 0:00:01]} c5 {[%emt 0:00:02]} 5. g3 {[%emt 0:00:01]} Nc6 {[%emt 0:00:02]} 6. Bg2 {[%emt 0:00:01]} e5 {[%emt 0:00:01]} 7. d3 {[%emt 0:00:01]} Be7 {[%emt 0:00:02]} 8. O-O {[%emt 0:00:01]} h5 {[%emt 0:00:01]} 9. e3 {[%emt 0:00:00]} h4 {[%emt 0:00:03]} 10. exd4 {[%emt 0:00:01]} exd4 {[%emt 0:00:02]} 11. Re1 {[%emt 0:00:03]} hxg3 {[%emt 0:00:01]} 12. hxg3 {[%emt 0:00:01]} Bg4 {[%emt 0:00:03]} 13. Nbd2 {[%emt 0:00:02]} Qd7 {[%emt 0:00:02]} 14. Ne4 {[%emt 0:00:04]} Kf8 {[%emt 0:00:05]} 15. Qd2 {[%emt 0:00:19]} Qf5 {[%emt 0:00:12]} 16. Qf4 {[%emt 0:00:13]} Qh5 {[%emt 0:00:06]} 17. Neg5 {[%emt 0:00:17]} Rc8 {[%emt 0:00:40]} 18. Nxf7 {[%emt 0:00:14]} Qxf7 {[%emt 0:00:45]} 19. Qxg4 {[%emt 0:00:04]} Nf6 {[%emt 0:00:01]} 20. Qxc8+ {[%emt 0:00:02] Dukic gibt auf Dukic gibt auf Dukic gibt auf (Lag: Av=0.49s, max=0.6s) (Lag: Av=0.49s, max=0.6s) (Lag: Av=0.49s, max=0.6s)} 1-0

[Event "Stay Safe Play From Home 387"]
[Site "Emanuel Lasker Arena"]
[Date "2020.08.16"]
[Round "6"]
[White "Haris kollari 13"]
[Black "Mepe_Nika"]
[Result "0-1"]
[WhiteElo "1888"]
[BlackElo "2292"]
[Annotator "NA RC"]
[PlyCount "70"]
[EventDate "2020.08.16"]
[EventType "swiss (blitz)"]

1. e4 {[%emt 0:00:01]} c6 {[%emt 0:00:00]} 2. f4 {[%emt 0:00:01]} d5 {[%emt 0:00:00]} 3. e5 {[%emt 0:00:01]} c5 {[%emt 0:00:00]} 4. Nf3 {[%emt 0:00:01]} Nc6 {[%emt 0:00:01]} 5. c3 {[%emt 0:00:01]} Bg4 {[%emt 0:00:01]} 6. Be2 {[%emt 0:00:02]} d4 {[%emt 0:00:02]} 7. d3 {[%emt 0:00:02]} e6 {[%emt 0:00:02]} 8. c4 {[%emt 0:00:01]} Nh6 {[%emt 0:00:02]} 9. h3 {[%emt 0:00:04]} Bxf3 {[%emt 0:00:01]} 10. Bxf3 {[%emt 0:00:01]} Qh4+ {[%emt 0:00:01]} 11. Kf1 {[%emt 0:00:01]} Nf5 {[%emt 0:00:01]} 12. Qe1 {[%emt 0:00:05]} Ng3+ {[%emt 0:00:21]} 13. Kg1 {[%emt 0:00:01]} Be7 {[%emt 0:00:00]} 14. Kh2 {[%emt 0:00:18]} Nxh1 {[%emt 0:00:02]} 15. Qxh1 {[%emt 0:00:02]} g5 {[%emt 0:00:04]} 16. g3 {[%emt 0:00:03]} Qh6 {[%emt 0:00:01]} 17. Bxc6+ {[%emt 0:00:09]} Kf8 {[%emt 0:00:00]} 18. Bxb7 {[%emt 0:00:06]} Rb8 {[%emt 0:00:02]} 19. Be4 {[%emt 0:00:01]} gxf4 {[%emt 0:00:03]} 20. Bxf4 {[%emt 0:00:03]} Rxb2+ {[%emt 0:00:02]} 21. Kg1 {[%emt 0:00:09]} Bg5 {[%emt 0:00:05]} 22. Qf3 {[%emt 0:00:09]} Rg8 {[%emt 0:00:10]} 23. Bxg5 {[%emt 0:00:02]} Qxg5 {[%emt 0:00:02]} 24. g4 {[%emt 0:00:07]} Qc1+ {[%emt 0:00:08]} 25. Qf1 {[%emt 0:00:03]} Qe3+ {[%emt 0:00:00]} 26. Kh1 {[%emt 0:00:03]} h5 {[%emt 0:00:03]} 27. Na3 {[%emt 0:00:14]} hxg4 {[%emt 0:00:19]} 28. Rb1 {[%emt 0:00:04]} Rxb1 {[%emt 0:00:02]} 29. Nxb1 {[%emt 0:00:04]} Rh8 {[%emt 0:00:02]} 30. h4 {[%emt 0:00:27]} Rxh4+ {[%emt 0:00:02]} 31. Kg2 {[%emt 0:00:00]} Rh3 {[%emt 0:00:18]} 32. Qf6 {[%emt 0:00:15]} Qe2+ {[%emt 0:00:12]} 33. Kg1 {[%emt 0:00:17]} Rg3+ {[%emt 0:00:05]} 34. Kh1 {[%emt 0:00:04]} Qe1+ {[%emt 0:00:00]} 35. Kh2 {[%emt 0:00:01]} Qg1# {[%emt 0:00:01] (Lag: Av=0.55s, max=1.2s) (Lag: Av=0.55s, max=1.2s) (Lag: Av=0.55s, max=1.2s)} 0-1

[Event "Stay Safe Play From Home 387"]
[Site "Emanuel Lasker Arena"]
[Date "2020.08.16"]
[Round "6"]
[White "Timbre"]
[Black "Fingerfehler1"]
[Result "0-1"]
[WhiteElo "1639"]
[BlackElo "1610"]
[Annotator "NA RC"]
[PlyCount "82"]
[EventDate "2020.08.16"]
[EventType "swiss (blitz)"]
[BlackTeam "SC Schwarz-Weiß Zell I"]

{- Gißler, Thomas (1699)} 1. d4 {[%emt 0:00:19]} d5 {[%emt 0:00:03]} 2. Nf3 {[%emt 0:00:01]} Nf6 {[%emt 0:00:03]} 3. c3 {[%emt 0:00:01]} Nbd7 {[%emt 0:00:02]} 4. Bf4 {[%emt 0:00:02]} e6 {[%emt 0:00:04]} 5. e3 {[%emt 0:00:01]} c5 {[%emt 0:00:01]} 6. Be2 {[%emt 0:00:01]} b6 {[%emt 0:00:01]} 7. Nbd2 {[%emt 0:00:02]} Bb7 {[%emt 0:00:02]} 8. Ne5 {[%emt 0:00:02]} Nxe5 {[%emt 0:00:02]} 9. Bxe5 {[%emt 0:00:02]} Nd7 {[%emt 0:00:01]} 10. Bg3 {[%emt 0:00:05]} Be7 {[%emt 0:00:03]} 11. Nf3 {[%emt 0:00:01]} f6 {[%emt 0:00:05]} 12. O-O {[%emt 0:00:07]} O-O {[%emt 0:00:01]} 13. Bd3 {[%emt 0:00:05]} Re8 {[%emt 0:00:06]} 14. Bc2 {[%emt 0:00:02]} Bf8 {[%emt 0:00:01]} 15. h3 {[%emt 0:00:03]} e5 {[%emt 0:00:02]} 16. dxe5 {[%emt 0:00:02]} fxe5 {[%emt 0:00:01]} 17. Nh2 {[%emt 0:00:08]} Nf6 {[%emt 0:00:05]} 18. Ng4 {[%emt 0:00:04]} Nxg4 {[%emt 0:00:02]} 19. Qxg4 {[%emt 0:00:03]} Qf6 {[%emt 0:00:04]} 20. Qh5 {[%emt 0:00:09]} g6 {[%emt 0:00:04]} 21. Qd1 {[%emt 0:00:05]} Rad8 {[%emt 0:00:03]} 22. Bb3 {[%emt 0:00:04]} Kh8 {[%emt 0:00:04]} 23. Qc2 {[%emt 0:00:08]} Bg7 {[%emt 0:00:04]} 24. a3 {[%emt 0:00:02]} h5 {[%emt 0:00:09]} 25. Rad1 {[%emt 0:00:05]} h4 {[%emt 0:00:05]} 26. Bh2 {[%emt 0:00:02]} Qg5 {[%emt 0:00:05]} 27. Ba2 {[%emt 0:00:11]} d4 {[%emt 0:00:02]} 28. e4 {[%emt 0:00:16]} Rf8 {[%emt 0:00:20]} 29. f3 {[%emt 0:00:03]} Qe3+ {[%emt 0:00:07]} 30. Kh1 {[%emt 0:00:03]} d3 {[%emt 0:00:02]} 31. Qb3 {[%emt 0:00:10]} Ba6 {[%emt 0:00:08]} 32. Qe6 {[%emt 0:00:05]} Kh7 {[%emt 0:00:07]} 33. Bd5 {[%emt 0:00:11]} d2 {[%emt 0:00:07]} 34. Qg4 {[%emt 0:00:03]} Bxf1 {[%emt 0:00:07]} 35. Rxf1 {[%emt 0:00:10]} Qe1 {[%emt 0:00:06]} 36. Bxe5 {[%emt 0:00:28]} Qxf1+ {[%emt 0:00:10]} 37. Kh2 {[%emt 0:00:03]} Bxe5+ {[%emt 0:00:01]} 38. g3 {[%emt 0:00:02]} Bxg3+ {[%emt 0:00:01]} 39. Qxg3 {[%emt 0:00:03]} hxg3+ {[%emt 0:00:01]} 40. Kxg3 {[%emt 0:00:01]} Qxf3+ {[%emt 0:00:01]} 41. Kh2 {[%emt 0:00:02] Timbre resigns Timbre resigns Timbre resigns (Lag: Av=0.57s, max=1.0s) (Lag: Av=0.57s, max=1.0s) (Lag: Av=0.57s, max=1.0s)} Rxd5 {[%emt 0:00:06]} 0-1

[Event "Stay Safe Play From Home 387"]
[Site "Emanuel Lasker Arena"]
[Date "2020.08.16"]
[Round "6"]
[White "chungaers"]
[Black "Ben Kur"]
[Result "1-0"]
[WhiteElo "1376"]
[BlackElo "989"]
[Annotator "NA RC"]
[PlyCount "49"]
[EventDate "2020.08.16"]
[EventType "swiss (blitz)"]

1. e4 {[%emt 0:00:15]} g6 {[%emt 0:00:08]} 2. Nf3 {[%emt 0:00:02]} Bg7 {[%emt 0:00:02]} 3. d4 {[%emt 0:00:01]} d6 {[%emt 0:00:01]} 4. Bc4 {[%emt 0:00:02]} Bg4 {[%emt 0:00:05]} 5. Bxf7+ {[%emt 0:00:03]} Kxf7 {[%emt 0:00:04]} 6. Ng5+ {[%emt 0:00:00]} Ke8 {[%emt 0:00:05] chungaers reconnected. chungaers reconnected. chungaers reconnected.} 7. Qxg4 {[%emt 0:00:36]} Nf6 {[%emt 0:00:02] chungaers reconnected. chungaers reconnected. chungaers reconnected.} 8. Qh4 {[%emt 0:00:33]} Nc6 {[%emt 0:00:54]} 9. Ne6 {[%emt 0:00:07]} Qd7 {[%emt 0:00:23]} 10. Nxg7+ {[%emt 0:00:04]} Kf7 {[%emt 0:00:04]} 11. d5 {[%emt 0:00:27]} Nd4 {[%emt 0:00:10]} 12. Na3 {[%emt 0:00:04]} Kxg7 {[%emt 0:00:10]} 13. c3 {[%emt 0:00:06]} Nb5 {[%emt 0:00:57]} 14. Nc2 {[%emt 0:00:07]} a5 {[%emt 0:00:09]} 15. a4 {[%emt 0:00:03]} Na7 {[%emt 0:00:05]} 16. Nd4 {[%emt 0:00:04]} b5 {[%emt 0:00:07]} 17. Ne6+ {[%emt 0:00:09]} Kf7 {[%emt 0:00:08] chungaers reconnected. chungaers reconnected. chungaers reconnected.} 18. Qh6 {[%emt 0:01:00]} Rhg8 {[%emt 0:00:07]} 19. Bg5 {[%emt 0:00:04]} bxa4 {[%emt 0:00:37]} 20. Bxf6 {[%emt 0:00:02]} exf6 {[%emt 0:00:00]} 21. Qxh7+ {[%emt 0:00:01]} Ke8 {[%emt 0:00:02]} 22. Qxg8+ {[%emt 0:00:01]} Ke7 {[%emt 0:00:02]} 23. Qxa8 {[%emt 0:00:06]} Qb5 {[%emt 0:00:07]} 24. Qf8+ {[%emt 0:00:03]} Kd7 {[%emt 0:00:03]} 25. Qd8# {[%emt 0:00:09] Mate Mate Mate Mate Mate Mate} 1-0

[Event "Stay Safe Play From Home 387"]
[Site "Emanuel Lasker Arena"]
[Date "2020.08.16"]
[Round "6"]
[White "Ghostwind"]
[Black "HDW2"]
[Result "1-0"]
[WhiteElo "1242"]
[BlackElo "1061"]
[Annotator "NA RC"]
[PlyCount "33"]
[EventDate "2020.08.16"]
[EventType "swiss (blitz)"]

1. e4 {[%emt 0:00:02]} Nc6 {[%emt 0:01:17]} 2. Nf3 {[%emt 0:00:03]} d5 {[%emt 0:00:05]} 3. exd5 {[%emt 0:00:05]} Qxd5 {[%emt 0:00:02]} 4. Nc3 {[%emt 0:00:01]} Nf6 {[%emt 0:00:02]} 5. d3 {[%emt 0:00:02]} Qe6+ {[%emt 0:00:03]} 6. Qe2 {[%emt 0:00:03]} Qg4 {[%emt 0:00:09]} 7. h3 {[%emt 0:00:03]} Qg6 {[%emt 0:00:04]} 8. Be3 {[%emt 0:00:04]} Bd7 {[%emt 0:00:11]} 9. O-O-O {[%emt 0:00:03]} O-O-O {[%emt 0:00:09]} 10. Nd4 {[%emt 0:00:09]} e6 {[%emt 0:00:19]} 11. Nxc6 {[%emt 0:00:02]} Bxc6 {[%emt 0:00:01]} 12. Bxa7 {[%emt 0:00:02]} b6 {[%emt 0:00:05]} 13. d4 {[%emt 0:00:20]} Kb7 {[%emt 0:00:02]} 14. Qa6+ {[%emt 0:00:03]} Ka8 {[%emt 0:00:07]} 15. Bxb6+ {[%emt 0:00:07]} Kb8 {[%emt 0:00:05]} 16. Qa7+ {[%emt 0:00:03]} Kc8 {[%emt 0:00:01]} 17. Qxc7# {[%emt 0:00:02] Mate Mate Mate Mate Mate Mate} 1-0

[Event "Stay Safe Play From Home 387"]
[Site "Emanuel Lasker Arena"]
[Date "2020.08.16"]
[Round "6"]
[White "Ilidio"]
[Black "Salza1"]
[Result "1-0"]
[WhiteElo "1025"]
[BlackElo "1402"]
[Annotator "NA RC"]
[PlyCount "87"]
[EventDate "2020.08.16"]
[EventType "swiss (blitz)"]
[BlackTeam "SF Bad Tölz"]

{- Ullrich, Alfred (1356)} 1. e4 {[%emt 0:00:04]} c5 {[%emt 0:00:03]} 2. f4 {[%emt 0:00:02]} d6 {[%emt 0:00:04]} 3. Nf3 {[%emt 0:00:01]} Nc6 {[%emt 0:00:02]} 4. Nc3 {[%emt 0:00:01]} e5 {[%emt 0:00:06]} 5. Bb5 {[%emt 0:00:02]} Bd7 {[%emt 0:00:05]} 6. d3 {[%emt 0:00:03]} Nge7 {[%emt 0:00:12]} 7. O-O {[%emt 0:00:02]} a6 {[%emt 0:00:29]} 8. Ba4 {[%emt 0:00:02]} b5 {[%emt 0:00:02]} 9. Bb3 {[%emt 0:00:02]} Qb6 {[%emt 0:00:05]} 10. fxe5 {[%emt 0:00:06]} c4+ {[%emt 0:00:02]} 11. Kh1 {[%emt 0:00:02]} cxb3 {[%emt 0:00:02]} 12. exd6 {[%emt 0:00:01]} Ng6 {[%emt 0:00:17]} 13. Nd5 {[%emt 0:00:02]} Qb8 {[%emt 0:00:19]} 14. Nc7+ {[%emt 0:00:04]} Kd8 {[%emt 0:00:09]} 15. Nxa8 {[%emt 0:00:03]} Qxa8 {[%emt 0:00:02]} 16. axb3 {[%emt 0:00:07]} Bxd6 {[%emt 0:00:09]} 17. d4 {[%emt 0:00:04]} Bg4 {[%emt 0:00:07]} 18. e5 {[%emt 0:00:01]} Be7 {[%emt 0:00:20]} 19. Qd3 {[%emt 0:00:02]} Nb4 {[%emt 0:00:12]} 20. Qxb5 {[%emt 0:00:09]} Bxf3 {[%emt 0:00:27]} 21. Rxf3 {[%emt 0:00:05]} Qc6 {[%emt 0:00:19]} 22. Qa5+ {[%emt 0:00:12]} Kd7 {[%emt 0:00:07]} 23. Rc3 {[%emt 0:00:01]} Qe4 {[%emt 0:00:13]} 24. Qc7+ {[%emt 0:00:09]} Ke6 {[%emt 0:00:02]} 25. Be3 {[%emt 0:00:10]} Nd5 {[%emt 0:00:13]} 26. Qc6+ {[%emt 0:00:13]} Kf5 {[%emt 0:00:15]} 27. Rf1+ {[%emt 0:00:01]} Kg4 {[%emt 0:00:05]} 28. Qd7+ {[%emt 0:00:04]} Kh5 {[%emt 0:00:05]} 29. Qh3+ {[%emt 0:00:06]} Nh4 {[%emt 0:00:03]} 30. Bg1 {[%emt 0:00:09]} Nxc3 {[%emt 0:00:02]} 31. bxc3 {[%emt 0:00:02]} Qg4 {[%emt 0:00:03]} 32. Qxg4+ {[%emt 0:00:07]} Kxg4 {[%emt 0:00:01]} 33. Rxf7 {[%emt 0:00:00]} Bg5 {[%emt 0:00:02]} 34. Bf2 {[%emt 0:00:03]} Ng6 {[%emt 0:00:02]} 35. h3+ {[%emt 0:00:01]} Kh5 {[%emt 0:00:01]} 36. g4+ {[%emt 0:00:01]} Kh6 {[%emt 0:00:02]} 37. Ra7 {[%emt 0:00:02]} Rf8 {[%emt 0:00:02]} 38. Kg2 {[%emt 0:00:01]} Nf4+ {[%emt 0:00:03]} 39. Kg3 {[%emt 0:00:01]} g6 {[%emt 0:00:01]} 40. h4 {[%emt 0:00:01]} Ne2+ {[%emt 0:00:02]} 41. Kg2 {[%emt 0:00:01]} Rf4 {[%emt 0:00:02]} 42. hxg5+ {[%emt 0:00:01]} Kxg5 {[%emt 0:00:02]} 43. Be3 {[%emt 0:00:00]} Kxg4 {[%emt 0:00:03]} 44. Bxf4 {[%emt 0:00:00] ' ' ' Zeit Zeit Zeit} 1-0

[Event "Stay Safe Play From Home 387"]
[Site "Emanuel Lasker Arena"]
[Date "2020.08.16"]
[Round "7"]
[White "Mepe_Nika"]
[Black "Uttamchess"]
[Result "1-0"]
[WhiteElo "2295"]
[BlackElo "2004"]
[Annotator "TA"]
[PlyCount "87"]
[EventDate "2020.08.16"]
[EventType "swiss (blitz)"]

{[%evp 12,87,77,59,55,45,56,32,39,29,27,32,31,28,32,22,31,24,41,33,49,36,28,18,35,35,51,35,78,64,59,47,35,36,43,26,26,5,41,12,12,12,12,9,1012,921,1779,2420,2354,2253,2230,1883,2761,2605,2605,2567,2413,2291,2041,1622,3106,2938,2240,2268,3083,2713,6482,5617,29986,29987,29988,29988,29989,29990,29991,29992,29991,29991]} 1. d4 d5 2. Nf3 e6 3. Bf4 f5 4. e3 Nf6 5. c4 c6 6. Nc3 Bd6 7. Qc2 O-O {A84: Dutch Defence: 2 c4 Miscellaneous.} 8. Bd3 Ne4 9. Bxd6 Qxd6 {White is slightly better.} 10. Ne5 Nd7 11. f4 Nxe5 12. fxe5 Qe7 13. O-O Bd7 14. Bxe4 fxe4 {[#]} 15. c5 $146 ({Predecessor:} 15. Rxf8+ Rxf8 16. Rf1 Rxf1+ 17. Kxf1 Be8 18. Qf2 b5 19. c5 b4 20. Ne2 a5 21. h4 {½-½ (45) Kruse,J (2095)-Kolkin,M (2311) Germany 2018}) 15... Be8 16. b4 Bh5 17. b5 Qc7 18. a4 Qa5 19. h3 Qb4 20. Qd2 Qc4 21. Rac1 Rxf1+ 22. Rxf1 Rf8 23. Rxf8+ (23. Rb1 {seems wilder.} Be8 24. bxc6 bxc6 25. Qe1 Qa6 26. Rb8) 23... Kxf8 24. Qe1 Be8 {[%cal Rc6b5]} 25. Qf1+ Qxf1+ 26. Kxf1 cxb5 27. axb5 $11 {[%mdl 4096] Endgame KB-KN} a6 $2 {[%mdl 8192] [#] This move loses the game for Black.} (27... Ke7 $11) 28. c6 $1 $18 {[%cal Rc6b7][%mdl 576] Promotion} bxc6 29. bxa6 c5 30. dxc5 Ke7 31. Kf2 Kd8 32. a7 Bc6 {[#]} 33. Nb5 $1 {[%mdl 512]} Kd7 (33... Bxb5 34. a8=Q+) 34. Nd4 Ba8 {[#]} 35. c6+ $1 {[%mdl 512]} Kc7 (35... Bxc6 36. Nxc6) 36. Nxe6+ Kxc6 37. Nxg7 Kc5 38. g4 d4 39. Ne6+ Kd5 40. Nc7+ {[%mdl 64] Double Attack. White mates.} Kxe5 41. Nxa8 d3 42. Nb6 Kd6 43. a8=Q Kc5 44. Qxe4 {Accuracy: White = 94%, Black = 49%.} 1-0